|
|
|
|
| LEADER |
00653cam a2200205 a 4500 |
| 001 |
0000074290 |
| 005 |
20080514090000.0 |
| 040 |
|
|
|a mod
|
| 041 |
|
|
|a eng
|
| 020 |
0 |
0 |
|a 0712667121
|
| 090 |
0 |
0 |
|a 973.5239
|b REM
|e 1999
|
| 100 |
1 |
0 |
|a Remini
|h Robert V.
|
| 245 |
1 |
4 |
|a The battle of new orleans
|c Robert V. Remini
|
| 260 |
0 |
0 |
|a London
|b Random House
|c 1999
|
| 300 |
0 |
0 |
|a 226p.
|c 23cm
|
| 500 |
0 |
0 |
|a Includes bibliographical references and index
|
| 600 |
0 |
0 |
|a Jackson, Andrew, 1767-1845
|
| 651 |
0 |
0 |
|a New Orleans (La.), Battle of, 1815
|
| 999 |
|
|
|a 0228933
|b KTU
|d BOOKS
|e Umum
|f KTU
|j WEEDED
|q GOOD CONDITION
|
| 999 |
|
|
|a 0264998
|b 3 DIV
|d BOOKS
|e Umum
|f 3 DIV
|j AVAILABLE
|q GOOD CONDITION
|